[Event "Verbandsliga Suedbaden 1920"]
[Site "Baden"]
[Date "2020.02.02"]
[Round "5.1"]
[White "Prill, Daniel"]
[Black "Roesch, Mario"]
[Result "1/2-1/2"]
[WhiteElo "2214"]
[BlackElo "2152"]
[PlyCount "181"]
[EventDate "2019.09.29"]
[EventType "team-tourn"]
[EventRounds "9"]
[EventCountry "GER"]
[SourceTitle "EXT 2021"]
[Source "ChessBase"]
[SourceDate "2020.10.23"]
[SourceVersion "1"]
[SourceVersionDate "2020.10.23"]
[SourceQuality "1"]
[WhiteTeam "Heitersheim"]
[BlackTeam "Oberwinden"]
[WhiteTeamCountry "GER"]
[BlackTeamCountry "GER"]

1. d4 Nf6 2. Nf3 e6 3. e3 b6 4. Bd3 Bb7 5. Nbd2 c5 6. c3 d5 7. Ne5 Nbd7 8. f4 Be7 9. 0-0 0-0 10. Ndf3 Ne4 11. Bd2 f6 12. Nxd7 Qxd7 13. Be1 a5 14. Qe2 a4 15. a3 c4 16. Bc2 Bd6 17. Nd2 b5 18. Nxe4 dxe4 19. Qg4 f5 20. Qe2 h6 21. Bh4 Kh8 22. Kh1 Rg8 23. Qh5 Qe8 24. Qe2 g5 25. Bg3 Qg6 26. Rf2 Bd5 27. Rg1 Ra7 28. Bd1 Rh7 29. Qh5 Qg7 30. Qe2 Qc7 31. Qe1 Qd8 32. Rff1 Qb8 33. Bh5 Qc7 34. Qf2 Kg7 35. Qe1 Kh8 36. Qf2 Bc6 37. Qd2 Qg7 38. Qd1 Be7 39. Qe1 Bf6 40. Qf2 Qe7 41. Rd1 Bd5 42. Rdf1 Kg7 43. Qe1 Bc6 44. Qf2 Rd8 45. Rd1 Rd5 46. Rgf1 Be8 47. Qe2 Kg8 48. Rg1 Rg7 49. Rdf1 Bf7 50. Be1 Bxh5 51. Qxh5 Qf7 52. Qxf7+ Kxf7 53. g3 Rd8 54. Rg2 Rdg8 55. Rd2 Ke7 56. Bf2 Kd6 57. Be1 Kd5 58. Bf2 h5 59. Rg1 Rg6 60. Rdd1 Be7 61. Rdf1 Bd8 62. Be1 Rh8 63. Rg2 h4 64. fxg5 h3 65. Re2 Rxg5 66. Kg1 Bc7 67. Kh1 Rg4 68. Bd2 Rd8 69. Ref2 Kc6 70. Re2 Rd5 71. Ref2 Kd7 72. Re2 Ke8 73. Ref2 Kf7 74. Re2 Kg6 75. Ref2 Kh5 76. Re2 Bd6 77. Ref2 Bf8 78. Rf4 Bh6 79. Rxg4 Kxg4 80. Kg1 Rd7 81. Kf2 Bf8 82. Ke2 Bd6 83. Be1 Bc7 84. Bf2 Rd5 85. Be1 Bb8 86. Bf2 Bc7 87. Be1 Bb8 88. Bf2 Bc7 89. Be1 Bb8 90. Bf2 Bc7 91. Be1 1/2-1/2

[Event "Verbandsliga Suedbaden 1920"]
[Site "Baden"]
[Date "2019.09.29"]
[Round "1.1"]
[White "Prill, Daniel"]
[Black "Roos, Jean Luc"]
[Result "1/2-1/2"]
[WhiteElo "2214"]
[BlackElo "2231"]
[PlyCount "125"]
[EventDate "2019.09.29"]
[EventType "team-tourn"]
[EventRounds "9"]
[EventCountry "GER"]
[SourceTitle "EXT 2021"]
[Source "ChessBase"]
[SourceDate "2020.10.23"]
[SourceVersion "1"]
[SourceVersionDate "2020.10.23"]
[SourceQuality "1"]
[WhiteTeam "Heitersheim"]
[BlackTeam "Kuppenheim"]
[WhiteTeamCountry "GER"]
[BlackTeamCountry "GER"]

1. d4 e6 2. Nf3 Nf6 3. e3 b6 4. Bd3 Bb7 5. Nbd2 c5 6. 0-0 Be7 7. c3 cxd4 8. exd4 0-0 9. Re1 d6 10. Nf1 Nbd7 11. Ng3 Re8 12. Ng5 h6 13. Nh3 Bf8 14. Bd2 Rc8 15. a4 a6 16. Qe2 a5 17. Qd1 e5 18. Nf5 e4 19. Bc2 Kh7 20. Bf4 Re6 21. Bb3 Bd5 22. Bc2 g6 23. Ng3 Bb7 24. Bb3 Bd5 25. Bxd5 Nxd5 26. Rxe4 Rxe4 27. Nxe4 Nxf4 28. Nxf4 Qe7 29. Ng3 h5 30. Qd3 h4 31. Nf1 Qg5 32. Nh3 Qe7 33. Ne3 Re8 34. Nd5 Qd8 35. Qf3 Kg7 36. Nhf4 Be7 37. Re1 Bg5 38. Rxe8 Qxe8 39. Qe2 Qd8 40. g3 hxg3 41. hxg3 Bxf4 42. Nxf4 Nf6 43. Kg2 Qa8+ 44. f3 g5 45. Nd3 Qd5 46. Kg1 Qb3 47. Qd2 Nh7 48. Nf2 Qxa4 49. Ne4 Qd7 50. Nxg5 Nxg5 51. Qxg5+ Kh7 52. Kf2 d5 53. Qf6 b5 54. Ke3 b4 55. cxb4 axb4 56. Kf4 Kg8 57. Kg5 Qc8 58. f4 Qc2 59. b3 Qd3 60. g4 Qxb3 61. Qd8+ Kg7 62. Qf6+ Kg8 63. Qd8+ 1/2-1/2